Vybrané výsledky výzkumné činnosti ČSAV a SAV 1979
Guardado en:
| Formato: | Libro |
|---|---|
| Lenguaje: | checo |
| Publicado: |
Praha
Academia
1980
|
| Etiquetas: |
Sin Etiquetas, Sea el primero en etiquetar este registro!
|
MARC
| LEADER | 00000nam a2200000 4500 | ||
|---|---|---|---|
| 001 | c140866 | ||
| 005 | 20041019155320.2 | ||
| 041 | 0 | |a cze | |
| 044 | |a CZ | ||
| 245 | 1 | 0 | |a Vybrané výsledky výzkumné činnosti ČSAV a SAV 1979 |
| 264 | 1 | |a Praha |b Academia |c 1980 | |
| 300 | |a 125 s. | ||